LEADER 03144 am 2200661 n 450 001 9910169188703321 005 20160727 010 $a2-37546-040-5 024 7 $a10.4000/books.pressesenssib.767 035 $a(CKB)3710000001157413 035 $a(FrMaCLE)OB-pressesenssib-767 035 $a(oapen)https://directory.doabooks.org/handle/20.500.12854/61581 035 $a(PPN)267946597 035 $a(EXLCZ)993710000001157413 100 $a20170404j|||||||| ||| 0 101 0 $afre 135 $auu||||||m|||| 181 $ctxt$2rdacontent 182 $cc$2rdamedia 183 $acr$2rdacarrier 200 10$aUne nation de lecteurs ? $eLa lecture en Angleterre (1815-1945) /$fMarie-Françoise Cachin 210 $aVilleurbanne $cPresses de l?enssib$d2016 215 $a1 online resource (270 p.) 311 $a2-910227-79-0 330 $aCet ouvrage est le premier rédigé en français sur l'histoire contemporaine de la lecture en Grande-Bretagne. L'étude présentée ici comble donc un manque en faisant apparaître l'importance de la lecture en Angleterre de la période victorienne à la fin de la Seconde Guerre mondiale. Sont ici analysés, grâce à une présentation chronologique, les modalités de l'alphabétisation de la population, l'émergence de nouveaux lectorats, le rôle des cabinets de lecture, la création de bibliothèques publiques, les pratiques et les modes de lecture spécifiques de ce pays. Leur évolution au fil des décennies est mise en regard du contexte politique, économique et social. Comme Bibliothèque publique et Public Library, d'Anne-Marie Bertrand, publié dans la même collection, Une nation de lecteurs ? La lecture en Angleterre (1815-1945) contribue à la réflexion sur les fondements de la lecture privée et publique. Au-delà de l'identification de spécificités anglaises à l'intérieur du monde anglophone, cette étude contribue à enrichir l'analyse comparée des représentations de l'imaginaire collectif occidental autour de la lecture. 517 $aUne nation de lecteurs ? 606 $aLibrary, Information & Communication sciences 606 $alivres 606 $alecture 606 $abibliothèques publiques 606 $aalphabétisation 606 $apolitique publique 606 $aGrande-Bretagne 606 $aXIXème siècle 606 $aXXème siècle 610 $aXXème siècle 610 $abibliothèques publiques 610 $apolitique publique 610 $alecture 610 $alivres 610 $aalphabétisation 610 $aGrande-Bretagne 610 $aXIXème siècle 615 4$aLibrary, Information & Communication sciences 615 4$alivres 615 4$alecture 615 4$abibliothèques publiques 615 4$aalphabétisation 615 4$apolitique publique 615 4$aGrande-Bretagne 615 4$aXIXème siècle 615 4$aXXème siècle 700 $aCachin$b Marie-Françoise$01285744 801 0$bFR-FrMaCLE 906 $aBOOK 912 $a9910169188703321 996 $aUne nation de lecteurs$93035467 997 $aUNINA